header

Physics problems (Record no. 265472)

MARC details
000 -LEADER
fixed length control field 01022cam a2200325 4500
001 - CONTROL NUMBER
control field 3606219
003 - CONTROL NUMBER IDENTIFIER
control field OSt
005 - DATE AND TIME OF LATEST TRANSACTION
control field 20251208130628.0
008 - FIXED-LENGTH DATA ELEMENTS--GENERAL INFORMATION
fixed length control field 730510t19731972nyua 001 0 eng
010 ## - LIBRARY OF CONGRESS CONTROL NUMBER
LC control number 72080370
020 ## - INTERNATIONAL STANDARD BOOK NUMBER
International Standard Book Number 0064601498
International Standard Book Number 9780064601498
035 ## - SYSTEM CONTROL NUMBER
System control number 3606219
040 ## - CATALOGING SOURCE
Original cataloging agency DLC
Transcribing agency DLC
Modifying agency DLC
050 00 - LIBRARY OF CONGRESS CALL NUMBER
Classification number QC32
Item number .B37 1973
082 00 - DEWEY DECIMAL CLASSIFICATION NUMBER
Classification number 530/.076
100 1# - MAIN ENTRY--PERSONAL NAME
Personal name Bennett, Clarence E.
Fuller form of name (Clarence Edwin),
Dates associated with a name 1902-
245 10 - TITLE STATEMENT
Title Physics problems
Statement of responsibility, etc [by] Clarence E. Bennett.
250 ## - EDITION STATEMENT
Edition statement 2d ed.
260 ## - PUBLICATION, DISTRIBUTION, ETC. (IMPRINT)
Place of publication, distribution, etc New York,
Name of publisher, distributor, etc Barnes & Noble Books
Date of publication, distribution, etc [1973, c1972]
300 ## - PHYSICAL DESCRIPTION
Extent viii, 277 p.
Other physical details illus.
Dimensions 21 cm.
336 ## - CONTENT TYPE
Content type term text
Content type code txt
Source rdacontent
337 ## - MEDIA TYPE
Media type term unmediated
Media type code n
Source rdamedia
338 ## - CARRIER TYPE
Carrier type term volume
Carrier type code nc
Source rdacarrier
490 0# - SERIES STATEMENT
Series statement Barnes & Noble college outline series, COS 149
650 #0 - SUBJECT ADDED ENTRY--TOPICAL TERM
Topical term or geographic name as entry element Physics
General subdivision Problems, exercises, etc.
906 ## - LOCAL DATA ELEMENT F, LDF (RLIN)
a 7
b cbc
c orignew
d 2
e opcn
f 19
g y-gencatlg
942 ## - ADDED ENTRY ELEMENTS (KOHA)
Source of classification or shelving scheme Library of Congress Classification
Koha item type Long Loan Books
Holdings
Withdrawn status Lost status Source of classification or shelving scheme Damaged status Not for loan Collection code Home library Current library Shelving location Date acquired Source of acquisition Total Checkouts Full call number Barcode Date last seen Price effective from Koha item type
    Library of Congress Classification     Non-fiction Rongo University Library Rongo University Library General Stacks 08/12/2025 Books for Africa, Donation   QC32 .B37 1973 20260812 08/12/2025 08/12/2025 Long Loan Books

© 2026 Rongo University
Contact us: librarian | system librarian | Rongo university